[Event "HUN-chT2 0102"]
[Site "Hungary"]
[Date "2001.10.14"]
[Round "2"]
[White "Furesz, Jozsef"]
[Black "Bors, Sandor"]
[Result "1-0"]
[WhiteElo "2093"]
[BlackElo "2217"]
[PlyCount "79"]
[EventDate "2001.??.??"]
[EventType "team"]
[EventRounds "11"]
[EventCountry "HUN"]
[SourceTitle "EXT 2004"]
[Source "ChessBase"]
[SourceDate "2003.11.25"]
[SourceVersion "1"]
[SourceVersionDate "2003.11.25"]
[SourceQuality "1"]

1. d4 Nf6 2. c4 e6 3. Nc3 d5 4. Bg5 c6 5. e3 Be7 6. Nf3 0-0 7. Rc1 Nbd7 8. Bd3 dxc4 9. Bxc4 b5 10. Bd3 b4 11. Na4 Bb7 12. 0-0 Rc8 13. e4 h6 14. Bh4 Nh5 15. Bxe7 Qxe7 16. Nc5 Nxc5 17. Rxc5 Nf4 18. Bb1 Rfd8 19. g3 Ng6 20. Qc2 Ra8 21. Re1 a5 22. h4 a4 23. h5 Nf8 24. Re3 Nd7 25. e5 Nf8 26. Qe4 Rd5 27. g4 Rxc5 28. dxc5 Qxc5 29. g5 Qd5 30. Qg4 hxg5 31. Nxg5 c5 32. Be4 Qd7 33. Rg3 Rd8 34. Bxb7 Qxb7 35. Ne4 g6 36. Nf6+ Kg7 37. h6+ Kh8 38. Ne4 Qd5 39. Qf4 Rd7 40. Qf6+ 1-0

[Event "HUN-chT2 Charousek 0001"]
[Site "Hungary"]
[Date "2001.01.14"]
[Round "4"]
[White "Bors, Sandor"]
[Black "Kiss, Istvan"]
[Result "1/2-1/2"]
[WhiteElo "2228"]
[BlackElo "2274"]
[PlyCount "24"]
[EventDate "2000.11.26"]
[EventType "team"]
[EventRounds "11"]
[EventCountry "HUN"]
[SourceTitle "EXT 2007"]
[Source "ChessBase"]
[SourceDate "2006.11.23"]
[SourceVersion "1"]
[SourceVersionDate "2006.11.23"]
[SourceQuality "1"]
[WhiteTeam "Gyor Elektromos"]
[BlackTeam "Vizugy"]
[WhiteTeamCountry "HUN"]
[BlackTeamCountry "HUN"]

1. e4 e6 2. d4 d5 3. Nd2 Nf6 4. Bd3 dxe4 5. Nxe4 Bd7 6. Nf3 Bc6 7. Qe2 Nbd7 8. 0-0 Be7 9. Bf4 0-0 10. Rad1 Nxe4 11. Bxe4 Bxe4 12. Qxe4 c6 1/2-1/2

[Event "HUN-chT2 Charousek 0001"]
[Site "Hungary"]
[Date "2000.12.17"]
[Round "3"]
[White "Vrona, Mihail"]
[Black "Bors, Sandor"]
[Result "1-0"]
[WhiteElo "2168"]
[BlackElo "2228"]
[PlyCount "97"]
[EventDate "2000.11.26"]
[EventType "team"]
[EventRounds "11"]
[EventCountry "HUN"]
[SourceTitle "EXT 2007"]
[Source "ChessBase"]
[SourceDate "2006.11.23"]
[SourceVersion "1"]
[SourceVersionDate "2006.11.23"]
[SourceQuality "1"]
[WhiteTeam "Budapest EAC"]
[BlackTeam "Gyor Elektromos"]
[WhiteTeamCountry "HUN"]
[BlackTeamCountry "HUN"]

1. d4 d6 2. Nf3 Nd7 3. b3 c6 4. Bb2 Qc7 5. c4 e5 6. dxe5 dxe5 7. Qc2 Ngf6 8. Nbd2 Bd6 9. g3 0-0 10. Bg2 Re8 11. Ng5 Nf8 12. 0-0 Ng6 13. Rad1 Qe7 14. Nde4 Nxe4 15. Nxe4 Bc7 16. c5 Bf5 17. Qc4 Rad8 18. Ba3 Bxe4 19. Qxe4 Rxd1 20. Rxd1 Rd8 21. Qc2 Rxd1+ 22. Qxd1 Qd8 23. Qxd8+ Bxd8 24. Bh3 Ne7 25. Bb2 Bc7 26. e4 Kf8 27. Bd7 Ng8 28. Bc8 b6 29. Bd7 bxc5 30. Bxc6 Nf6 31. f3 Ke7 32. Kf2 Kd6 33. Bb5 Nd7 34. Ke3 Nf8 35. f4 f6 36. f5 Ba5 37. Kd3 h6 38. Kc4 Nh7 39. Ba3 Bb6 40. b4 cxb4 41. Bxb4+ Kc7 42. Kd5 Ng5 43. Bf8 Kd8 44. Bxg7 Ke7 45. Bxh6 Bd4 46. Be2 Nf7 47. Bd2 Kf8 48. Bb4+ Kg7 49. Bc5 1-0